Statistics for Aston Villa Champions League Winner Starting XI

Click here to take the quiz!

General Stats

  • This quiz has been taken 66 times
  • The average score is 5 of 11

Answer Stats

Player% Correct
Peter Withe
72%
Gary Shaw
62%
Tony Morley
58%
Dennis Mortimer
57%
Jimmy Rimmer
55%
Allan Evans
49%
Gary Williams
42%
Gordon Cowans
40%
Ken McNaught
36%
Des Bremner
32%
Kenny Swain
28%

Score Distribution

Percentile by Number Answered

Percent of People with Each Score

Your Score History

You have not taken this quiz